00531nam a2200109Ia 4500008004100000245017100041260000900212300008600221650002300307999001900330952007200349180130s9999 xx 000 0 und d cGaudina, Germain; Saavedrab, ClaudiaaEx Ante margin squeeze tests in the telecommunications industry for data communication: what is a reasonably efficient operator? c2015 aBook title: Elements of data communication--Acession number C20540; pages 129-156 aDATA COMMUNICATION c353860d353860 001040aCLbCLd2018-01-30l0r2018-01-30 00:00:00w2018-01-30yBC